000 01430cam a2200301 4500
008 000000n2000 000 0 eng u
020 _a1842190431
022 _a1354-506X
035 _a(Sirsi) u109964
050 _a692.5
_c18
100 _aFortune, Chris
245 _aModel selection criteria and the building project price forecasting process
260 _aLondon
_bRICS Research Foundation
_c2000
300 _a20p.
_c30cm.
490 _aRICS Foundation Research Papers
_v3(16)
520 _aThis study contributes to what is known about the investigation and formulation phases of the building project price forecasting advice process. The research has developed a greater understanding of what general factors affect the selection of newer computer-based or non-traditional types of building project price forecasting models.
520 _aRICS members may view the research via the public access terminals in the RICS Library - please ask Library Staff for details.
650 _aBUILT ENVIRONMENT-BUILDING COSTS
650 _aCONSTRUCTION PROJECTS
650 _aPRICING
650 _aCOST MODELLING
650 _aCONSTRUCTION COSTS
690 _aBUILT ENVIRONMENT-BUILDING COSTS
700 _aHinks, John
710 _aRICS Research Foundtion
856 _uhttps://www.rics.org/Global/Downloads/ModelSelectionCriteria200012.pdf
_vView the research on the RICS Foundation website...
942 _n0
999 _c101030
_d101030